000 00311nam a2200121Ia 4500
005 20251222141905.0
008 251222s9999||||xx |||||||||||||| ||spa||
020 _a9972-792-18-8
082 _a346.046.85/I59
245 0 _aCompendio de Legislación Forestal y de Fauna Silvestre
264 _bInrena
942 _cLIB
999 _c8204
_d8204